Project management with CPM and PERT (Record no. 548390)

000 -LEADER
fixed length control field 00654cam a22001811 4500
082 00 - DEWEY DECIMAL CLASSIFICATION NUMBER
Classification number 658.4032
Author Mark MOD
-- L-13, P-79
100 1# - MAIN ENTRY--PERSONAL NAME
Personal name Moder, Joseph J.
9 (RLIN) 44665
245 10 - TITLE STATEMENT
Title Project management with CPM and PERT
Statement of responsibility, etc. [by] Joseph J. Moder [and] Cecil R. Phillips.
260 ## - PUBLICATION, DISTRIBUTION, ETC.
Place of publication, distribution, etc. New York,
Name of publisher, distributor, etc. Reinhold Pub. Corp.
Date of publication, distribution, etc. [1964]
300 ## - PHYSICAL DESCRIPTION
Extent xvi, 283 p.
Other physical details illus.
Dimensions 24 cm.
490 0# - SERIES STATEMENT
Series statement Reinhold industrial engineering and management sciences textbook series
526 ## - STUDY PROGRAM INFORMATION NOTE
Program name 0
Interest level 0
Reading level 0
Title point value 658_403200000000000_MOD
650 #0 - SUBJECT ADDED ENTRY--TOPICAL TERM
Topical term or geographic name entry element MCE
9 (RLIN) 379
650 #0 - SUBJECT ADDED ENTRY--TOPICAL TERM
Topical term or geographic name entry element Network analysis (Planning)
9 (RLIN) 25260
650 #0 - SUBJECT ADDED ENTRY--TOPICAL TERM
Topical term or geographic name entry element Project management.
700 1# - ADDED ENTRY--PERSONAL NAME
Personal name Phillips, Cecil R.,
9 (RLIN) 44666
942 ## - ADDED ENTRY ELEMENTS (KOHA)
Source of classification or shelving scheme
Koha item type Book
Holdings
Withdrawn status Lost status Source of classification or shelving scheme Damaged status Not for loan Permanent Location Current Location Date acquired Total Checkouts Full call number Barcode Date last seen Price effective from Koha item type
          Military College of Engineering (MCE) Military College of Engineering (MCE) 08/27/2014   658.4032 MOD MCE-3256 08/27/2014 08/27/2014 Book
© 2023 Central Library, National University of Sciences and Technology. All Rights Reserved.